000 01101 a2200193 4500
003 Nust
005 20230705093651.0
010 _a 81017075
020 _a0805323074
040 _cNust
082 0 0 _a512,MID
100 1 _a Middlemiss,Ross R
_939395
245 1 0 _aCollege Algebra /
_c Ross R Middlemiss
260 _a NY
_b Mc Graw Hill Pub. Co.,
_c1952
300 _axiii, 344 p. :
_bill. ;
_c24 cm.
505 _aReal Numbers Fundamental Operations (Page-1), Operations with Polynomials and Rational Fractional Expressions (Page-30), Equations (Page-42), Functions and Graphs (Page-76), Systems of Equations (Page-90), Inequalities (Page-106), Negative and Fractional Exponents The Exponential Function(Page-115), Logarithms (Page-126), Variation (Page-148), Progressions (Page-153), Mathematical Induction (Page-165), The Binomial Theorem (Page-172), Compound Interest and Annuities (Page-181), Theory Of Equations (Page-191), Determinants (Page-239), Complex Numbers (Page-264), Permutations and Combinations Probability (Page-280).
650 0 _aAlgebra.
_98509
942 _2ddc
_cBK
_k512,MID
999 _c181980
_d181980